[Event "Titled Tuesday intern op 21st May Early"]
[Site "Chess.com INT"]
[Date "2024.05.21"]
[Round "10"]
[White "Bobkov, Vadim"]
[Black "Essing, Arnold"]
[Result "1-0"]
[WhiteElo "2267"]
[BlackElo "2214"]
[PlyCount "81"]
[EventDate "2024.05.21"]
[EventType "swiss (blitz)"]
[EventRounds "11"]
[EventCountry "USA"]
[SourceTitle "CB22_2024"]
[SourceDate "2024.05.29"]
[SourceVersion "1"]
[SourceVersionDate "2024.05.29"]
[SourceQuality "1"]

1. d4 d5 2. c4 e6 3. Nf3 c5 4. cxd5 exd5 5. g3 c4 6. Bg2 Bb4+ 7. Bd2 Bxd2+ 8. Nbxd2 Nc6 9. 0-0 Bf5 10. Ne5 Nge7 11. Nxc6 bxc6 12. b3 c3 13. Nf3 h6 14. Rc1 Qa5 15. Qe1 Qxa2 16. Qxc3 Qa6 17. Qc5 Be4 18. Ne5 Bxg2 19. Kxg2 Rc8 20. e4 Qb7 21. Ra1 a6 22. Ra3 dxe4 23. Nc4 0-0 24. Nd6 Qd7 25. Nxc8 Rxc8 26. Rxa6 Nd5 27. Re1 Qg4 28. Qc1 Qf3+ 29. Kg1 Qxb3 30. Rxc6 Rd8 31. Rc8 Qb6 32. Rxd8+ Qxd8 33. Rxe4 Nf6 34. Rf4 Qd7 35. Qc5 Qh3 36. Rh4 Qe6 37. Rf4 Qe1+ 38. Kg2 Qe2 39. Qe5 Qd3 40. Qb8+ Kh7 41. Qe5 1-0

[Event "Titled Tuesday intern op 21st May Early"]
[Site "Chess.com INT"]
[Date "2024.05.21"]
[Round "5"]
[White "Essing, Arnold"]
[Black "Aakash, G2."]
[Result "1-0"]
[WhiteElo "2214"]
[BlackElo "2241"]
[PlyCount "55"]
[EventDate "2024.05.21"]
[EventType "swiss (blitz)"]
[EventRounds "11"]
[EventCountry "USA"]
[SourceTitle "CB22_2024"]
[SourceDate "2024.05.29"]
[SourceVersion "1"]
[SourceVersionDate "2024.05.29"]
[SourceQuality "1"]

1. d4 d5 2. Nf3 Nf6 3. c4 c6 4. Nc3 e6 5. Bg5 Nbd7 6. e3 Bd6 7. Bd3 0-0 8. 0-0 h6 9. Bh4 dxc4 10. Bxc4 b5 11. Bb3 Bb7 12. Qe2 Qc7 13. Rac1 Qb6 14. e4 b4 15. Na4 Qb5 16. Qc2 e5 17. dxe5 Nxe5 18. Bxf6 Nxf3+ 19. gxf3 gxf6 20. e5 Kh8 21. exd6 Qg5+ 22. Kh1 c5 23. Qd3 Qh5 24. Bd1 Qg5 25. Rxc5 Qh4 26. Bc2 f5 27. Qxf5 Bxf3+ 28. Qxf3 1-0

[Event "Titled Tuesday intern op 21st May Early"]
[Site "Chess.com INT"]
[Date "2024.05.21"]
[Round "2"]
[White "Essing, Arnold"]
[Black "Munoz, Francisco Javier"]
[Result "0-1"]
[WhiteElo "2214"]
[BlackElo "2389"]
[PlyCount "162"]
[EventDate "2024.05.21"]
[EventType "swiss (blitz)"]
[EventRounds "11"]
[EventCountry "USA"]
[SourceTitle "CB22_2024"]
[SourceDate "2024.05.29"]
[SourceVersion "1"]
[SourceVersionDate "2024.05.29"]
[SourceQuality "1"]

1. d4 d5 2. Nf3 e6 3. c4 Nf6 4. Nc3 c6 5. Bg5 Nbd7 6. e3 Qa5 7. cxd5 Nxd5 8. Qd2 Bb4 9. Rc1 h6 10. Bh4 b6 11. Bd3 Ba6 12. 0-0 0-0 13. Rfd1 Bxd3 14. Qxd3 Nxc3 15. bxc3 Ba3 16. Rc2 Rfe8 17. c4 Bf8 18. Bg3 Rac8 19. h3 b5 20. Rdc1 bxc4 21. Rxc4 Qxa2 22. Rxc6 Rxc6 23. Rxc6 a5 24. Ra6 a4 25. Qb5 Nf6 26. Rxa4 Qc2 27. Ne5 Rc8 28. Ra7 Qd1+ 29. Qf1 Qd2 30. Ra1 Ne4 31. Qe1 Qc2 32. f3 Nc3 33. Kh2 Nd5 34. e4 Ne7 35. Rd1 f6 36. Ng4 Ng6 37. d5 e5 38. d6 h5 39. Ne3 Qc6 40. Nf5 Rd8 41. Qd2 Rd7 42. Qd5+ Qxd5 43. Rxd5 Kf7 44. Be1 Ke6 45. Bb4 Nf4 46. Rd2 g6 47. Ne3 Bxd6 48. Bxd6 Rxd6 49. Rxd6+ Kxd6 50. g3 Nd3 51. Kg2 Ke6 52. Nc4 Kd7 53. f4 exf4 54. gxf4 Nxf4+ 55. Kg3 Nd3 56. e5 Nxe5 57. Ne3 Ke6 58. Kf4 Nd3+ 59. Ke4 Nf2+ 60. Kf3 Nd3 61. Kg3 Nc5 62. Kf3 Nd7 63. Kg3 Ne5 64. Kf2 g5 65. Kg3 f5 66. h4 f4+ 67. Kf2 fxe3+ 68. Kxe3 gxh4 69. Kf4 Kf6 70. Ke3 Kf5 71. Kf2 Kf4 72. Kg2 Kg4 73. Kh2 h3 74. Kh1 Ng6 75. Kg1 Ne7 76. Kh2 Nf5 77. Kh1 Kg3 78. Kg1 Ne3 79. Kh1 Ng4 80. Kg1 h2+ 81. Kh1 Nf2# 0-1

[Event "Titled Tuesday intern op 16th Apr Early"]
[Site "Chess.com INT"]
[Date "2024.04.16"]
[Round "2"]
[White "De Silva, LMST"]
[Black "Essing, Arnold"]
[Result "1/2-1/2"]
[WhiteElo "2362"]
[BlackElo "2214"]
[PlyCount "79"]
[EventDate "2024.04.16"]
[EventType "swiss (blitz)"]
[EventRounds "11"]
[EventCountry "USA"]
[SourceTitle "CB17_2024"]
[SourceDate "2024.04.24"]
[SourceVersion "1"]
[SourceVersionDate "2024.04.24"]
[SourceQuality "1"]

1. Nf3 d5 2. e3 c5 3. d4 Nc6 4. c3 e6 5. Bd3 Nf6 6. Nbd2 Bd6 7. 0-0 e5 8. dxc5 Bxc5 9. e4 dxe4 10. Nxe4 Be7 11. Nxf6+ Bxf6 12. Be4 0-0 13. Be3 Bg4 14. Qa4 Bd7 15. Rfd1 Qc7 16. Qc4 Be6 17. Qa4 h6 18. Bd5 Bxd5 19. Rxd5 Rfd8 20. c4 Nd4 21. Nxd4 exd4 22. Bd2 Rxd5 23. cxd5 Rd8 24. Qxa7 Rxd5 25. Rc1 Qd7 26. Qb8+ Kh7 27. Rc7 Qe6 28. Rc1 Qe2 29. Bf4 d3 30. h3 d2 31. Bxd2 Rxd2 32. Rf1 Bd4 33. Qf4 Kg8 34. Qb8+ Kh7 35. Qf4 Rd1 36. Qf5+ Kg8 37. Qc8+ Kh7 38. Qf5+ Kg8 39. Qc8+ Kh7 40. Qf5+ 1/2-1/2

[Event "Titled Tuesday intern op 16th Apr Early"]
[Site "Chess.com INT"]
[Date "2024.04.16"]
[Round "1"]
[White "Essing, Arnold"]
[Black "Francisco, Richard"]
[Result "1-0"]
[WhiteElo "2214"]
[BlackElo "2194"]
[PlyCount "85"]
[EventDate "2024.04.16"]
[EventType "swiss (blitz)"]
[EventRounds "11"]
[EventCountry "USA"]
[SourceTitle "CB17_2024"]
[SourceDate "2024.04.24"]
[SourceVersion "1"]
[SourceVersionDate "2024.04.24"]
[SourceQuality "1"]

1. d4 Nf6 2. Nf3 g6 3. c4 Bg7 4. Nc3 0-0 5. e4 d6 6. Be2 e5 7. 0-0 exd4 8. Nxd4 Re8 9. f3 Nc6 10. Nxc6 bxc6 11. Be3 a5 12. Qd2 Nd7 13. Bd4 c5 14. Bxg7 Kxg7 15. f4 Bb7 16. Bf3 Rb8 17. Nb5 a4 18. Rae1 Qf6 19. Nxc7 Re7 20. Nb5 Re6 21. e5 dxe5 22. Qxd7 e4 23. Bg4 Re7 24. Qd6 Qxd6 25. Nxd6 f5 26. Bxf5 gxf5 27. Nxf5+ Kf6 28. Nxe7 Kxe7 29. f5 Kf6 30. Re3 Bc6 31. b3 a3 32. Rh3 Bd7 33. Rxh7 Rb7 34. Rh6+ Ke5 35. Ra6 e3 36. f6 e2 37. Re1 Bg4 38. h3 Bh5 39. g4 Kf4 40. gxh5 Kf3 41. Re6 Rb8 42. R6xe2 Rg8+ 43. Kh2 1-0

[Event "Titled Tuesday intern op 02nd Apr Early"]
[Site "Chess.com INT"]
[Date "2024.04.02"]
[Round "4"]
[White "Essing, Arnold"]
[Black "Ibarra Jerez, Jose Carlos"]
[Result "0-1"]
[WhiteElo "2214"]
[BlackElo "2559"]
[PlyCount "83"]
[EventDate "2024.04.02"]
[EventType "swiss (blitz)"]
[EventRounds "11"]
[EventCountry "USA"]
[SourceTitle "CB15_2024"]
[SourceDate "2024.04.10"]
[SourceVersion "1"]
[SourceVersionDate "2024.04.10"]
[SourceQuality "1"]

1. d4 Nf6 2. Nf3 d6 3. c4 g6 4. Nc3 Bf5 5. d5 e5 6. dxe6 Bxe6 7. Nd4 Bd7 8. e4 Bg7 9. Be2 0-0 10. 0-0 Re8 11. f3 Nc6 12. Be3 Nh5 13. Nxc6 bxc6 14. g4 Nf6 15. Qd2 a5 16. Rad1 Qc8 17. h3 Rb8 18. b3 c5 19. Kg2 a4 20. bxa4 Bc6 21. Nb5 Ra8 22. a5 Nd7 23. Bd3 Ne5 24. Be2 Qb7 25. Bf4 Ra6 26. Rb1 Qc8 27. a4 Qd7 28. Bh6 Bh8 29. Bf4 Rea8 30. Bg3 Rxa5 31. f4 Bxe4+ 32. Kh2 Nc6 33. Ra1 Bxa1 34. Rxa1 Rxa4 35. Rxa4 Rxa4 36. Bd3 Bxd3 37. Qxd3 Ra2+ 38. Kg1 Qe7 39. f5 Nd4 40. Bf2 Nxb5 41. cxb5 Qe2 42. Qg3 0-1

[Event "Titled Tuesday intern op 02nd Apr Early"]
[Site "Chess.com INT"]
[Date "2024.04.02"]
[Round "3"]
[White "Grochal, Joey"]
[Black "Essing, Arnold"]
[Result "0-1"]
[WhiteElo "2255"]
[BlackElo "2214"]
[PlyCount "96"]
[EventDate "2024.04.02"]
[EventType "swiss (blitz)"]
[EventRounds "11"]
[EventCountry "USA"]
[SourceTitle "CB15_2024"]
[SourceDate "2024.04.10"]
[SourceVersion "1"]
[SourceVersionDate "2024.04.10"]
[SourceQuality "1"]

1. e4 Nf6 2. e5 Nd5 3. d4 d6 4. c4 Nb6 5. f4 dxe5 6. fxe5 c5 7. d5 e6 8. Nc3 exd5 9. cxd5 Qh4+ 10. g3 Qd4 11. Nf3 Qxd1+ 12. Kxd1 Bg4 13. Be2 Na6 14. h3 Bxf3 15. Bxf3 Nb4 16. Be4 N4xd5 17. Nxd5 Nxd5 18. Bd2 0-0-0 19. Kc2 Be7 20. Rhe1 Nb4+ 21. Bxb4 cxb4 22. Rad1 Bc5 23. Rxd8+ Rxd8 24. Bxh7 g6 25. e6 Rh8 26. exf7 Rxh7 27. Re8+ Kd7 28. f8Q Bxf8 29. Rxf8 Rxh3 30. Rf4 Rxg3 31. Rxb4 b6 32. Rf4 a5 33. Rf6 Kc7 34. b3 g5 35. a3 g4 36. Rg6 Rg1 37. Kc3 g3 38. Kb2 b5 39. Ka2 b4 40. axb4 axb4 41. Kb2 Rg2+ 42. Kb1 Kd7 43. Rg4 Ke6 44. Rxb4 Rf2 45. Rg4 g2 46. b4 Rf1+ 47. Kb2 g1Q 48. Rxg1 Rxg1 0-1

[Event "Titled Tuesday intern op 02nd Apr Early"]
[Site "Chess.com INT"]
[Date "2024.04.02"]
[Round "10"]
[White "Ibadov, Dashgyn"]
[Black "Essing, Arnold"]
[Result "1/2-1/2"]
[WhiteElo "2376"]
[BlackElo "2214"]
[PlyCount "123"]
[EventDate "2024.04.02"]
[EventType "swiss (blitz)"]
[EventRounds "11"]
[EventCountry "USA"]
[SourceTitle "CB15_2024"]
[SourceDate "2024.04.10"]
[SourceVersion "1"]
[SourceVersionDate "2024.04.10"]
[SourceQuality "1"]

1. e4 Nf6 2. Nc3 e5 3. Bc4 Nc6 4. d3 Na5 5. Bg5 Nxc4 6. dxc4 d6 7. Qd3 Be7 8. 0-0-0 Be6 9. Nge2 Ng4 10. Bxe7 Qxe7 11. Qg3 0-0-0 12. h3 Nf6 13. Qd3 c6 14. Qe3 Kb8 15. b3 h6 16. Kb2 Qc7 17. f4 exf4 18. Nxf4 Rhe8 19. Nxe6 Rxe6 20. Qg3 g6 21. Qf4 Rde8 22. Rhe1 d5 23. Qxc7+ Kxc7 24. cxd5 cxd5 25. Nxd5+ Nxd5 26. Rxd5 Rxe4 27. Red1 R8e7 28. a4 a6 29. a5 Re2 30. R1d2 Rxd2 31. Rxd2 Re3 32. b4 Kc6 33. c3 Rg3 34. Kb3 f5 35. Kc4 g5 36. Re2 f4 37. Kd4 f3 38. gxf3 Rxh3 39. Re6+ Kd7 40. Rg6 Rxf3 41. Rxh6 Rf4+ 42. Kc5 Kc7 43. Rh7+ Kb8 44. c4 Rf5+ 45. Kd4 Rf4+ 46. Kd5 Rf5+ 47. Ke6 Rf4 48. Kd5 Rf5+ 49. Ke4 Rf4+ 50. Kd3 Rf3+ 51. Kd2 Rf2+ 52. Kc3 Rf3+ 53. Kc2 Rf2+ 54. Kb3 Rf3+ 55. Ka4 Rf4 56. c5 g4 57. Rg7 Re4 58. Kb3 Rf4 59. Kc3 Re4 60. Kb3 Rf4 61. Kc3 Re4 62. Kb3 1/2-1/2

[Event "Titled Tuesday intern op 02nd Apr Early"]
[Site "Chess.com INT"]
[Date "2024.04.02"]
[Round "9"]
[White "Solberg, Joachim Krokvik"]
[Black "Essing, Arnold"]
[Result "1-0"]
[WhiteElo "2157"]
[BlackElo "2214"]
[PlyCount "73"]
[EventDate "2024.04.02"]
[EventType "swiss (blitz)"]
[EventRounds "11"]
[EventCountry "USA"]
[SourceTitle "CB15_2024"]
[SourceDate "2024.04.10"]
[SourceVersion "1"]
[SourceVersionDate "2024.04.10"]
[SourceQuality "1"]

1. e4 Nf6 2. e5 Nd5 3. d4 d6 4. Nf3 g6 5. Bc4 Nb6 6. Bb3 Bg7 7. Ng5 d5 8. f4 0-0 9. 0-0 f6 10. Nf3 Na6 11. c3 Be6 12. Be3 Rc8 13. Nbd2 c5 14. dxc5 Nxc5 15. Bxc5 Rxc5 16. Nd4 Qd7 17. Nxe6 Qxe6 18. Ne4 Rc7 19. exf6 exf6 20. Ng3 f5 21. Re1 Qd6 22. Qf3 Kh8 23. Rad1 Rd8 24. Ne2 Re7 25. Nd4 Bxd4+ 26. cxd4 Re4 27. g3 Rde8 28. Rxe4 dxe4 29. Qc3 Rc8 30. Qd2 Nd5 31. Rc1 Rc6 32. Bxd5 Qxd5 33. Rxc6 bxc6 34. Qc3 Qxa2 35. d5+ Kg8 36. dxc6 Qb1+ 37. Kf2 1-0

[Event "Titled Tuesday intern op 13th Feb Early"]
[Site "Chess.com INT"]
[Date "2024.02.13"]
[Round "5"]
[White "Eilers, Stefan"]
[Black "Essing, Arnold"]
[Result "1-0"]
[WhiteElo "2275"]
[BlackElo "2216"]
[PlyCount "91"]
[EventDate "2024.02.13"]
[EventType "swiss (blitz)"]
[EventRounds "11"]
[EventCountry "USA"]
[SourceTitle "CB08_2024"]
[SourceDate "2024.02.21"]
[SourceVersion "1"]
[SourceVersionDate "2024.02.21"]
[SourceQuality "1"]

1. d4 d5 2. Nf3 e6 3. g3 c5 4. Bg2 Nc6 5. 0-0 Nf6 6. c4 dxc4 7. Ne5 Nxe5 8. dxe5 Qxd1 9. Rxd1 Nd7 10. f4 Rb8 11. a4 a6 12. a5 Be7 13. Nd2 b5 14. axb6 Nxb6 15. Bc6+ Kf8 16. Ne4 g6 17. Be3 Nd5 18. Bxc5 Rxb2 19. Nd6 Bxd6 20. exd6 Rxe2 21. d7+ Kg7 22. dxc8Q Rxc8 23. Bd4+ f6 24. Rxa6 c3 25. Rc1 c2 26. Bxd5 exd5 27. Ra7+ Kg8 28. Bxf6 Rd2 29. Raa1 d4 30. Re1 d3 31. f5 gxf5 32. Bg5 Re2 33. Rxe2 dxe2 34. Kf2 Rb8 35. Rc1 Rb2 36. Kxe2 Kf7 37. Kd2 Kg6 38. Bf4 Kh5 39. Rxc2 Rb1 40. h4 Kg4 41. Ke3 Re1+ 42. Kd4 Re4+ 43. Kd5 Re1 44. Rc7 h5 45. Rg7+ Kf3 46. Rg5 1-0

[Event "Titled Tuesday intern op 13th Feb Early"]
[Site "Chess.com INT"]
[Date "2024.02.13"]
[Round "6"]
[White "Essing, Arnold"]
[Black "Hros, Roman"]
[Result "1-0"]
[WhiteElo "2216"]
[BlackElo "2310"]
[PlyCount "65"]
[EventDate "2024.02.13"]
[EventType "swiss (blitz)"]
[EventRounds "11"]
[EventCountry "USA"]
[SourceTitle "CB08_2024"]
[SourceDate "2024.02.21"]
[SourceVersion "1"]
[SourceVersionDate "2024.02.21"]
[SourceQuality "1"]

1. d4 Nf6 2. Nf3 c5 3. d5 e6 4. c4 exd5 5. cxd5 Bd6 6. Nc3 0-0 7. g3 Re8 8. Bg2 Bc7 9. 0-0 d6 10. Nd2 Nbd7 11. a4 Rb8 12. e4 a6 13. f4 b5 14. axb5 axb5 15. b4 cxb4 16. Na2 Ba5 17. Rb1 Nc5 18. Nxb4 Bxb4 19. Rxb4 Nd3 20. Rb1 Bg4 21. Qc2 Qb6+ 22. Kh1 Nf2+ 23. Rxf2 Qxf2 24. Bb2 Rbc8 25. Qd3 Be2 26. Qb3 Bc4 27. Qb4 Nxe4 28. Nxe4 Bxd5 29. Rf1 Qe2 30. Qd4 f6 31. Qxd5+ Kh8 32. Nxd6 Qxb2 33. Nf7+ 1-0

[Event "Titled Tuesday intern op 13th Feb Early"]
[Site "Chess.com INT"]
[Date "2024.02.13"]
[Round "2"]
[White "Silva, Miguel Antonio Neto"]
[Black "Essing, Arnold"]
[Result "1-0"]
[WhiteElo "2211"]
[BlackElo "2216"]
[PlyCount "51"]
[EventDate "2024.02.13"]
[EventType "swiss (blitz)"]
[EventRounds "11"]
[EventCountry "USA"]
[SourceTitle "CB08_2024"]
[SourceDate "2024.02.21"]
[SourceVersion "1"]
[SourceVersionDate "2024.02.21"]
[SourceQuality "1"]

1. e4 Nf6 2. e5 Nd5 3. d4 d6 4. Nf3 g6 5. c4 Nb6 6. exd6 cxd6 7. Be3 Bg7 8. h3 0-0 9. Nc3 Bf5 10. Rc1 d5 11. c5 Nc4 12. Bxc4 dxc4 13. 0-0 Bd3 14. Re1 Nc6 15. d5 Nb4 16. b3 Nxd5 17. Nxd5 Qxd5 18. bxc4 Bxc4 19. Qc2 Bxa2 20. Rcd1 Qb3 21. Qe4 Qe6 22. Qxb7 a5 23. Bd4 Qb3 24. Qxe7 Rad8 25. Bxg7 Qxd1 26. Bxf8 1-0

[Event "Titled Tuesday intern op 06th Feb Early"]
[Site "Chess.com INT"]
[Date "2024.02.06"]
[Round "3"]
[White "Essing, Arnold"]
[Black "Tan, Ralph"]
[Result "0-1"]
[WhiteElo "2216"]
[BlackElo "2004"]
[PlyCount "118"]
[EventDate "2024.02.06"]
[EventType "swiss (blitz)"]
[EventRounds "11"]
[EventCountry "USA"]
[SourceTitle "CB07_2024"]
[SourceDate "2024.02.14"]
[SourceVersion "1"]
[SourceVersionDate "2024.02.14"]
[SourceQuality "1"]

1. d4 d5 2. Nf3 e6 3. c4 Be7 4. Nc3 Nf6 5. Bg5 h6 6. Bh4 0-0 7. e3 c5 8. cxd5 Nxd5 9. Bg3 Nc6 10. Bd3 cxd4 11. exd4 Bf6 12. Bc2 Ndb4 13. Bb1 Nxd4 14. 0-0 Nbc6 15. Qd3 g6 16. Rd1 e5 17. Nxd4 exd4 18. Ne4 Bf5 19. Qb5 Bxe4 20. Bxe4 Qb6 21. Qd3 Rad8 22. h4 Nb4 23. Qb3 Kg7 24. h5 gxh5 25. a3 Na6 26. Qf3 Nc5 27. Bd5 Ne6 28. Ba2 h4 29. Qg4+ Ng5 30. Bxh4 d3 31. Rd2 Rd4 32. Qg3 Kh8 33. Bxg5 Bxg5 34. Rxd3 Qxb2 35. Rxd4 Qxa1+ 36. Kh2 Qxd4 37. Qb3 Bf4+ 38. g3 Qxf2+ 39. Kh3 Qxg3+ 40. Qxg3 Bxg3 41. Kxg3 Kg7 42. Kf4 Rd8 43. Kf5 Rd2 44. Bc4 Rc2 45. Bb5 Rc3 46. Bd7 Rxa3 47. Bc8 Ra5+ 48. Kf4 b6 49. Bb7 Rc5 50. Ke4 a5 51. Kd4 a4 52. Bd5 a3 53. Ba2 h5 54. Bb3 h4 55. Ba2 h3 56. Bb3 h2 57. Bd5 a2 58. Bh1 a1Q+ 59. Kd3 Qc3+ 0-1

[Event "Titled Tuesday intern op 16th Jan Early"]
[Site "Chess.com INT"]
[Date "2024.01.16"]
[Round "8"]
[White "Dwilewicz, Katarzyna"]
[Black "Essing, Arnold"]
[Result "0-1"]
[WhiteElo "2129"]
[BlackElo "2216"]
[PlyCount "104"]
[EventDate "2024.01.16"]
[EventType "swiss (blitz)"]
[EventRounds "11"]
[EventCountry "USA"]
[SourceTitle "CB04_2024"]
[SourceDate "2023.10.16"]
[SourceVersion "1"]
[SourceVersionDate "2023.10.16"]
[SourceQuality "1"]

1. e4 Nf6 2. e5 Nd5 3. c4 Nb6 4. d4 d6 5. exd6 cxd6 6. Nc3 g6 7. Be3 Bg7 8. Nf3 0-0 9. Be2 Bg4 10. b3 Nc6 11. 0-0 e5 12. d5 Ne7 13. h3 Bxf3 14. Bxf3 f5 15. Be2 Rc8 16. Rc1 h6 17. f4 exf4 18. Bxf4 g5 19. Be3 Ng6 20. Bd3 Qd7 21. Nb5 Rce8 22. Qd2 Nc8 23. Rce1 f4 24. Bd4 Nh4 25. Be4 a6 26. Bxg7 Qxg7 27. Nd4 Qf6 28. Ne6 Rf7 29. Kh2 Ne7 30. Qd4 Nef5 31. Qxf6 Rxf6 32. Bxf5 Nxf5 33. Rf2 Ng7 34. Rfe2 Nxe6 35. dxe6 Re7 36. Re4 Kg7 37. Kg1 Kg6 38. Kf2 Kf5 39. b4 Rfxe6 40. Rxe6 Rxe6 41. Rd1 Re4 42. Rd5+ Ke6 43. Rd2 Rxc4 44. a3 Rc3 45. Re2+ Kf6 46. Rd2 Ke6 47. Re2+ Kd7 48. Ra2 b5 49. Ke2 d5 50. Kd2 Rg3 51. Ke1 f3 52. gxf3 Rxf3 0-1

[Event "Titled Tuesday intern op 16th Jan Early"]
[Site "Chess.com INT"]
[Date "2024.01.16"]
[Round "5"]
[White "Essing, Arnold"]
[Black "Dolezal, Cristian"]
[Result "0-1"]
[WhiteElo "2216"]
[BlackElo "2378"]
[PlyCount "82"]
[EventDate "2024.01.16"]
[EventType "swiss (blitz)"]
[EventRounds "11"]
[EventCountry "USA"]
[SourceTitle "CB04_2024"]
[SourceDate "2023.10.16"]
[SourceVersion "1"]
[SourceVersionDate "2023.10.16"]
[SourceQuality "1"]

1. d4 g6 2. Nf3 Bg7 3. c4 c5 4. d5 d6 5. e4 Bg4 6. Be2 Bxf3 7. Bxf3 Nd7 8. 0-0 h6 9. g3 g5 10. Bg2 Bd4 11. Nc3 Bxc3 12. bxc3 Qa5 13. Qb3 0-0-0 14. Rb1 Nb6 15. Re1 Nf6 16. f4 gxf4 17. Bxf4 Nfd7 18. e5 dxe5 19. Bxe5 Nxe5 20. Rxe5 Rhe8 21. Rf5 f6 22. Rh5 Qa6 23. Bf1 Kb8 24. Rxh6 Nc8 25. Rh4 Nd6 26. Re1 Rd7 27. Rh7 Rc7 28. Rg7 Kc8 29. Bd3 Kd8 30. h4 Rh8 31. Kg2 b6 32. Rh7 Rg8 33. h5 Qc8 34. Bg6 Qg4 35. Qd1 Qxc4 36. a3 Qxc3 37. Qe2 e5 38. dxe6 Rxh7 39. e7+ Kc7 40. Bxh7 Qxg3+ 41. Kh1 Qh3+ 0-1

[Event "Titled Tuesday intern op 16th Jan Early"]
[Site "Chess.com INT"]
[Date "2024.01.16"]
[Round "7"]
[White "Essing, Arnold"]
[Black "Tifferet, Shaked"]
[Result "0-1"]
[WhiteElo "2216"]
[BlackElo "2334"]
[PlyCount "88"]
[EventDate "2024.01.16"]
[EventType "swiss (blitz)"]
[EventRounds "11"]
[EventCountry "USA"]
[SourceTitle "CB04_2024"]
[SourceDate "2023.10.16"]
[SourceVersion "1"]
[SourceVersionDate "2023.10.16"]
[SourceQuality "1"]

1. d4 c5 2. d5 e5 3. c4 d6 4. Nc3 Be7 5. e4 h6 6. g3 Bg5 7. Bg2 Bxc1 8. Rxc1 Ne7 9. Nh3 0-0 10. 0-0 f5 11. f4 fxe4 12. fxe5 Rxf1+ 13. Qxf1 dxe5 14. Bxe4 Qf8 15. Qg2 Bxh3 16. Qxh3 Qc8 17. Qxc8+ Nxc8 18. Nb5 Nd7 19. d6 Rb8 20. Bd5+ Kf8 21. Rf1+ Nf6 22. d7 Nb6 23. Bxb7 Nbxd7 24. Bc6 Ke7 25. b3 a6 26. Nc7 Kd6 27. Bxd7 Kxc7 28. Be6 Rd8 29. Re1 e4 30. Bf5 Rd4 31. Kf2 Kd6 32. g4 Ke5 33. Re2 Kf4 34. h3 Rd3 35. Bc8 Rxh3 36. Bxa6 Nxg4+ 37. Kg1 Rg3+ 38. Kf1 Kf3 39. Rb2 Rh3 40. Kg1 Rg3+ 41. Kf1 Ne3+ 42. Ke1 Rg1+ 43. Kd2 Rd1+ 44. Kc3 Rd3# 0-1

[Event "Titled Tuesday intern op 09th Jan Early"]
[Site "Chess.com INT"]
[Date "2024.01.09"]
[Round "4"]
[White "Essing, Arnold"]
[Black "Ladan, Nicholas John"]
[Result "0-1"]
[WhiteElo "2216"]
[BlackElo "2168"]
[PlyCount "102"]
[EventDate "2024.01.09"]
[EventType "swiss (blitz)"]
[EventRounds "11"]
[EventCountry "USA"]
[SourceTitle "CB03_2024"]
[SourceDate "2024.01.17"]
[SourceVersion "1"]
[SourceVersionDate "2024.01.17"]
[SourceQuality "1"]

1. d4 d5 2. Nf3 Nf6 3. c4 e6 4. Nc3 b6 5. Bg5 Be7 6. e3 Bb7 7. Bd3 dxc4 8. Bxc4 0-0 9. 0-0 Ne4 10. Nxe4 Bxe4 11. Bf4 Bd6 12. Ne5 Nd7 13. Nxd7 Qxd7 14. Bxd6 cxd6 15. Qe2 Rfc8 16. Rac1 Rc7 17. Ba6 Rb8 18. b3 b5 19. Rxc7 Qxc7 20. Bxb5 Qa5 21. Ba6 Rb6 22. Rc1 g6 23. Bc8 h5 24. f3 Bc6 25. h3 Bb5 26. Qe1 Qxa2 27. Ra1 Qxb3 28. Rxa7 Qc2 29. Rb7 Rxb7 30. Bxb7 d5 31. Qf2 Qc7 32. Ba8 Qa5 33. Bb7 Qa7 34. Bc8 Qb8 35. Qc2 Bc4 36. Bd7 Qb7 37. Ba4 Qb4 38. Kh2 Kg7 39. h4 Qe1 40. Kh3 Qxe3 41. Qd1 Qf4 42. g3 Qf5+ 43. Kg2 Qf6 44. Qd2 Qe7 45. Qf4 Qf6 46. Qxf6+ Kxf6 47. g4 e5 48. dxe5+ Kxe5 49. Kf2 Kf4 50. gxh5 gxh5 51. Be8 d4 0-1

[Event "Titled Tuesday intern op 09th Jan Early"]
[Site "Chess.com INT"]
[Date "2024.01.09"]
[Round "5"]
[White "Essing, Arnold"]
[Black "Lopez Idarraga, Daniel Eduardo"]
[Result "1/2-1/2"]
[WhiteElo "2216"]
[BlackElo "2030"]
[PlyCount "122"]
[EventDate "2024.01.09"]
[EventType "swiss (blitz)"]
[EventRounds "11"]
[EventCountry "USA"]
[SourceTitle "CB03_2024"]
[SourceDate "2024.01.17"]
[SourceVersion "1"]
[SourceVersionDate "2024.01.17"]
[SourceQuality "1"]

1. d4 d5 2. Nf3 Nf6 3. c4 c6 4. Nc3 a6 5. cxd5 cxd5 6. Bg5 e6 7. e3 Nc6 8. Bd3 Be7 9. 0-0 0-0 10. Rc1 Bd7 11. Bb1 h6 12. Bh4 b5 13. a3 Na5 14. Qd3 g6 15. Ne5 Be8 16. f4 Nc4 17. Qe2 Rc8 18. Rfd1 Nd6 19. b3 Nfe4 20. Nxe4 Rxc1 21. Rxc1 Bxh4 22. Nxd6 Qxd6 23. b4 Bd7 24. Nxd7 Qxd7 25. Qc2 Kg7 26. Qc6 Qxc6 27. Rxc6 Ra8 28. Bd3 a5 29. g3 Be7 30. Bxb5 axb4 31. axb4 Ra2 32. Rc7 Bxb4 33. Be8 Bd2 34. Bxf7 Bxe3+ 35. Kf1 Kf6 36. Be8 Kf5 37. Rc3 Bxd4 38. Rd3 Bc5 39. h3 h5 40. Bd7 Rf2+ 41. Ke1 Rh2 42. Rxd5+ Ke4 43. Rxc5 Rxh3 44. Bxe6 Rxg3 45. Bf7 Kxf4 46. Kf2 Rf3+ 47. Kg2 Rg3+ 48. Kf2 Rg5 49. Rxg5 Kxg5 50. Kg3 Kf6 51. Bxg6 Kxg6 52. Kh4 Kh6 53. Kh3 Kg5 54. Kg3 h4+ 55. Kh3 Kh5 56. Kh2 Kg4 57. Kg2 h3+ 58. Kh2 Kh4 59. Kh1 Kg3 60. Kg1 h2+ 61. Kh1 Kh3 1/2-1/2

[Event "Titled Tuesday intern op 09th Jan Early"]
[Site "Chess.com INT"]
[Date "2024.01.09"]
[Round "11"]
[White "Essing, Arnold"]
[Black "Petersson, Kjell"]
[Result "1-0"]
[WhiteElo "2216"]
[BlackElo "2049"]
[PlyCount "85"]
[EventDate "2024.01.09"]
[EventType "swiss (blitz)"]
[EventRounds "11"]
[EventCountry "USA"]
[SourceTitle "CB03_2024"]
[SourceDate "2024.01.17"]
[SourceVersion "1"]
[SourceVersionDate "2024.01.17"]
[SourceQuality "1"]

1. d4 f5 2. Nf3 Nf6 3. g3 e6 4. Bg2 d5 5. 0-0 Bd6 6. c4 c6 7. b3 Qe7 8. Nc3 0-0 9. Na4 Nbd7 10. Nb2 Ne4 11. Nd3 b6 12. Bf4 Bxf4 13. Nxf4 Ba6 14. Rc1 Rac8 15. Re1 Kh8 16. e3 g5 17. Nd3 Rf6 18. Nfe5 Rh6 19. cxd5 exd5 20. Nxd7 Qxd7 21. Ne5 Qe8 22. h3 Rc7 23. Rc2 Bc8 24. Qe2 g4 25. h4 a5 26. Rec1 Bb7 27. Qd1 Qc8 28. Nd3 Ba6 29. Nf4 Rf6 30. Nxd5 Rff7 31. Nxc7 Rxc7 32. d5 c5 33. d6 Rd7 34. Bxe4 fxe4 35. Qd5 Qe8 36. Rc4 Bxc4 37. Rxc4 h5 38. Rxe4 Qg6 39. Re6 Qg7 40. Qxh5+ Qh7 41. Rh6 c4 42. bxc4 b5 43. Qe8+ 1-0